| 000 | 00605nam a2200205 i 4500 | ||
|---|---|---|---|
| 001 | 134409 | ||
| 003 | ES-MaACL | ||
| 005 | 20250830053051.0 | ||
| 007 | t| | ||
| 008 | 070910s1969 sp ||||1| cat d | ||
| 100 | 1 |
_aXirinacs, Lluís M. _9117520 |
|
| 245 | 1 | 0 |
_aSecularització i cristianisme / _cLuis M. Xirinacs. |
| 250 | _a[1ª ed.]. | ||
| 260 |
_aBarcelona : _bNova Terra, _c[1969] |
||
| 300 |
_a184 p. ; _c20 cm. |
||
| 650 | 1 | 7 |
_aSecularización (Teología) _2embne _917005 |
| 650 | 1 | 7 |
_aCristianismo _2embne _911425 |
| 852 |
_aES-MaACL _jC-51689 _bR.69673 |
||
| 999 |
_c134409 _d134409 |
||